[Event "Titled Tuesday intern op 21st Mar Early"]
[Site "Chess.com INT"]
[Date "2023.03.21"]
[Round "5"]
[White "De Boer, Eelke"]
[Black "Valdes Escobar, Alvaro Daniel"]
[Result "1-0"]
[WhiteElo "2293"]
[BlackElo "2349"]
[PlyCount "89"]
[EventDate "2023.03.21"]
[EventType "swiss (blitz)"]
[EventRounds "11"]
[EventCountry "USA"]
[SourceTitle "EXT 2024"]
[Source "ChessBase"]
[SourceDate "2023.10.10"]
[SourceVersion "1"]
[SourceVersionDate "2023.10.10"]
[SourceQuality "1"]

1. e4 c5 2. Nf3 e6 3. d4 cxd4 4. Nxd4 Nf6 5. Nc3 Nc6 6. Ndb5 Bc5 7. Bf4 0-0 8. Bc7 Qe7 9. Bd6 Bxd6 10. Qxd6 Qd8 11. Qd2 a6 12. Nd6 b5 13. a3 Rb8 14. b4 Bb7 15. Be2 Ne8 16. 0-0 Nxd6 17. Qxd6 Ne7 18. Rfd1 Bc6 19. Rd4 Qb6 20. Rad1 Nc8 21. Qg3 d6 22. e5 dxe5 23. Qxe5 Ne7 24. h4 Ng6 25. Qg3 h6 26. h5 Ne7 27. Qe5 Rbd8 28. Rd6 Nf5 29. Rxd8 Rxd8 30. Rxd8+ Qxd8 31. Bd3 Ne7 32. Ne4 Bxe4 33. Qxe4 Kf8 34. Qb7 Qc8 35. Be4 Qd8 36. Bf3 Kg8 37. Qxa6 Qd2 38. Qxb5 Nf5 39. Qe8+ Kh7 40. Qxf7 Qe1+ 41. Kh2 Qxf2 42. Qg6+ Kg8 43. Qe8+ Kh7 44. Qxe6 Qg3+ 45. Kg1 1-0

[Event "Titled Tuesday intern op 21st Mar Late"]
[Site "Chess.com INT"]
[Date "2023.03.21"]
[Round "2"]
[White "Jimenez, Joaquin Rodrigo"]
[Black "Valdes Escobar, Alvaro Daniel"]
[Result "0-1"]
[WhiteElo "2195"]
[BlackElo "2349"]
[PlyCount "80"]
[EventDate "2023.03.21"]
[EventType "swiss (blitz)"]
[EventRounds "11"]
[EventCountry "USA"]
[SourceTitle "EXT 2024"]
[Source "ChessBase"]
[SourceDate "2023.10.10"]
[SourceVersion "1"]
[SourceVersionDate "2023.10.10"]
[SourceQuality "1"]

1. e4 c5 2. Nf3 e6 3. d4 cxd4 4. Nxd4 Nf6 5. Nc3 Nc6 6. Ndb5 Bc5 7. Nd6+ Ke7 8. Bf4 e5 9. Nf5+ Kf8 10. Bg5 Bb4 11. Bc4 d5 12. Bxd5 Bxf5 13. Bxf6 Qxf6 14. exf5 Rd8 15. 0-0 Ne7 16. Ne4 Qxf5 17. Ng3 Qf4 18. c4 h5 19. Qb3 Nxd5 20. cxd5 h4 21. Ne2 Qe4 22. Nc3 Bxc3 23. bxc3 h3 24. Qb4+ Qxb4 25. cxb4 hxg2 26. Kxg2 Rxd5 27. Rac1 g6 28. Rc7 Rb5 29. a3 Rh4 30. Rd1 Rf4 31. Rdd7 e4 32. h4 Rbf5 33. Rxb7 Rxf2+ 34. Kg3 R2f3+ 35. Kg4 Kg7 36. Re7 e3 37. a4 Kh6 38. Re4 e2 39. h5 e1Q 40. Rxe1 R5f4# 0-1

[Event "Titled Tuesday intern op 21st Mar Late"]
[Site "Chess.com INT"]
[Date "2023.03.21"]
[Round "1"]
[White "Valdes Escobar, Alvaro Daniel"]
[Black "Grigoriants, Sergey"]
[Result "0-1"]
[WhiteElo "2349"]
[BlackElo "2572"]
[PlyCount "76"]
[EventDate "2023.03.21"]
[EventType "swiss (blitz)"]
[EventRounds "11"]
[EventCountry "USA"]
[SourceTitle "EXT 2024"]
[Source "ChessBase"]
[SourceDate "2023.10.10"]
[SourceVersion "1"]
[SourceVersionDate "2023.10.10"]
[SourceQuality "1"]

1. c4 Nf6 2. Nc3 e5 3. Nf3 Nc6 4. d3 Bb4 5. Bd2 0-0 6. a3 Bxc3 7. Bxc3 Re8 8. e3 d5 9. cxd5 Nxd5 10. Be2 Bf5 11. e4 Nxc3 12. bxc3 Bg6 13. 0-0 Qd6 14. Nd2 Rad8 15. Nc4 Qc5 16. Qb3 b6 17. Ne3 Kh8 18. Rac1 f6 19. a4 Rd7 20. Qb5 Qxb5 21. axb5 Na5 22. Nd5 Bf7 23. Bg4 Rd6 24. c4 c6 25. bxc6 Nxc6 26. Ra1 h5 27. Bh3 Rb8 28. f4 exf4 29. Rxf4 b5 30. c5 Rdd8 31. Ra6 Nd4 32. Rf2 Bxd5 33. exd5 Rxd5 34. c6 Rc5 35. Bd7 b4 36. Rxa7 b3 37. Rb7 Nxc6 38. Rxb8+ Nxb8 0-1

[Event "Titled Tuesday intern op 21st Mar Early"]
[Site "Chess.com INT"]
[Date "2023.03.21"]
[Round "11"]
[White "Valdes Escobar, Alvaro Daniel"]
[Black "Ruge, Edison"]
[Result "1-0"]
[WhiteElo "2349"]
[BlackElo "2201"]
[PlyCount "101"]
[EventDate "2023.03.21"]
[EventType "swiss (blitz)"]
[EventRounds "11"]
[EventCountry "USA"]
[SourceTitle "EXT 2024"]
[Source "ChessBase"]
[SourceDate "2023.10.10"]
[SourceVersion "1"]
[SourceVersionDate "2023.10.10"]
[SourceQuality "1"]

1. c4 e5 2. Nc3 Nc6 3. Nf3 d6 4. d4 Be7 5. g3 Nf6 6. Bg2 0-0 7. 0-0 Bg4 8. dxe5 dxe5 9. Nd5 h6 10. b3 Bc5 11. Bb2 Re8 12. Nd2 Nxd5 13. cxd5 Nd4 14. Re1 f5 15. Rc1 Qe7 16. Nf3 Nxf3+ 17. exf3 Bh5 18. Rxe5 Qd6 19. Qe1 Qb6 20. f4 Bd6 21. Re6 Bf7 22. Rxe8+ Rxe8 23. Qc3 Bf8 24. Re1 Rxe1+ 25. Qxe1 Bc5 26. Qe5 Bf8 27. Bf1 Qc5 28. Bc4 b5 29. Bd3 Qxd5 30. Qxd5 Bxd5 31. Bxb5 Be4 32. Bd4 a5 33. Bc4+ Kh7 34. Kf1 Bb4 35. a4 g6 36. Ke2 h5 37. Be5 c6 38. f3 Bd5 39. Bxd5 cxd5 40. Kd3 h4 41. Bf6 hxg3 42. hxg3 Be1 43. g4 Bf2 44. Bd8 Be1 45. Kd4 Bd2 46. Bc7 Kg7 47. Kxd5 Kf7 48. Kc6 Ke7 49. Kb5 Ke6 50. Bxa5 Bxf4 51. Bc3 1-0